000 00652nam a2200241Ia 4500
001 dia_6940
003 CHAP
008 220117s1964 xx 000 0 und d
010 _a178288
040 _cCHAP
090 _aF 295 1964
100 _aMorrison, W. W.
_978925
245 _aMarket your fresh apples /
_c W. W. Morrison
260 _aEstados Unidos de América :
_b U. S. Departament of Agriculture,
_c1964
300 _a20 p.
440 _aMarketing bulletin ; 35
_9162870
901 _aF 295 1964
902 _aM
905 _a0000001964 -us 0000000000eng00
942 _c12
942 _c12
999 _c178288
_d178288